Guarda judicial

Guardado en:
Detalles Bibliográficos
Autor principal: Chwojewski, Claudia
Formato: Desconocido
Aporte de:Registro referencial: Solicitar el recurso aquí
LEADER 00334 a2200109 4500
001 ART_52213
005 20260410162020.0
008 260409a
245 1 0 |a Guarda judicial 
100 1 |a Chwojewski, Claudia 
773 0 |t Temas de derecho de familia, sucesiones y bioética  |g - Año 6, N° 3 (mar. 2021)  |w REV41029 
999 |c 33025  |d 33025